[Event "CZE-chT2C 1617"]
[White "Tuma, Jiri"]
[Black "Miesbauer, Jan"]
[Site "Czech Republic"]
[Round "2.2"]
[Result "1/2-1/2"]
[Date "2016.10.30"]
[WhiteElo "2248"]
[BlackElo "2178"]
[PlyCount "72"]
[EventDate "2016.10.09"]
[EventType "team-tourn"]
[EventRounds "11"]
[EventCountry "CZE"]
[SourceTitle "EXT 2022"]
[Source "ChessBase"]
[SourceDate "2021.10.06"]
[SourceVersion "1"]
[SourceVersionDate "2021.10.06"]
[SourceQuality "1"]
[WhiteTeam "Kutna Hora"]
[BlackTeam "Pisek"]
[WhiteTeamCountry "CZE"]
[BlackTeamCountry "CZE"]

1. e4 e6 2. d4 d5 3. Nd2 Be7 4. Ngf3 Nf6 5. Bd3 c5 6. dxc5 dxe4 7. Nxe4 Nxe4 8. Bxe4 Qxd1+ 9. Kxd1 Bxc5 10. Ke2 Nd7 11. a3 Be7 12. c4 0-0 13. Rd1 Nf6 14. Bg5 h6 15. Bxf6 Bxf6 16. Rd2 e5 17. Bd5 Re8 18. b3 Bg4 19. Kf1 Rad8 20. Re1 Rd7 21. h3 Bxf3 22. gxf3 Bg5 23. Rd3 g6 24. Red1 Kg7 25. Be4 Rxd3 26. Rxd3 b6 27. Rd7 Re7 28. Rxe7 Bxe7 29. b4 a5 30. c5 axb4 31. axb4 bxc5 32. bxc5 Bxc5 33. Kg2 f5 34. Bc6 Kf6 35. Bd5 Kg5 36. Bf7 Kf6 1/2-1/2

[Event "CZE-chT2C 1415"]
[White "Tuma, Jiri"]
[Black "Docekal, Jan"]
[Site "Czech Republic"]
[Round "9.1"]
[Result "0-1"]
[Date "2015.03.15"]
[WhiteElo "2322"]
[BlackElo "2299"]
[PlyCount "78"]
[EventDate "2014.11.02"]
[EventType "team-tourn"]
[EventRounds "11"]
[EventCountry "CZE"]
[SourceTitle "EXT 2022"]
[Source "ChessBase"]
[SourceDate "2021.10.06"]
[SourceVersion "1"]
[SourceVersionDate "2021.10.06"]
[SourceQuality "1"]
[WhiteTeam "Kutna Hora"]
[BlackTeam "Vysehrad II"]
[WhiteTeamCountry "CZE"]
[BlackTeamCountry "CZE"]

1. e4 c5 2. Nf3 d6 3. d4 cxd4 4. Nxd4 Nf6 5. Nc3 a6 6. g3 e5 7. Nde2 Be7 8. Bg2 0-0 9. 0-0 Nbd7 10. h3 b5 11. g4 Bb7 12. Ng3 b4 13. Nd5 Nxd5 14. exd5 Re8 15. b3 Nf8 16. a3 bxa3 17. Nf5 Ng6 18. Rxa3 Bf8 19. Ra4 Bc8 20. Qf3 Bd7 21. Re4 Qc7 22. c4 Ne7 23. Ng3 Qc8 24. g5 Nf5 25. Bb2 Rb8 26. Ra1 g6 27. Ree1 Nh4 28. Qe3 Bxh3 29. Be4 Bg7 30. Ra3 f5 31. gxf6 Bxf6 32. Rea1 Qg4 33. Kh2 Bg5 34. Qe2 Qxe2 35. Nxe2 Bc8 36. Rg1 Bd8 37. c5 Rf8 38. Kg3 Rb4 39. f3 Rxe4 0-1

[Event "CZE-chT2C 1415"]
[White "Dolezal, Radoslav"]
[Black "Tuma, Jiri"]
[Site "Czech Republic"]
[Round "5.1"]
[Result "1/2-1/2"]
[Date "2015.01.11"]
[WhiteElo "2361"]
[BlackElo "2322"]
[PlyCount "155"]
[EventDate "2014.11.02"]
[EventType "team-tourn"]
[EventRounds "11"]
[EventCountry "CZE"]
[SourceTitle "EXT 2022"]
[Source "ChessBase"]
[SourceDate "2021.10.06"]
[SourceVersion "1"]
[SourceVersionDate "2021.10.06"]
[SourceQuality "1"]
[WhiteTeam "Ricany"]
[BlackTeam "Kutna Hora"]
[WhiteTeamCountry "CZE"]
[BlackTeamCountry "CZE"]

1. d4 b5 2. e4 Bb7 3. Nd2 a6 4. Ngf3 e6 5. Bd3 c5 6. c3 cxd4 7. cxd4 Nf6 8. 0-0 Be7 9. Re1 0-0 10. Nf1 Nc6 11. Ng3 Rc8 12. d5 exd5 13. e5 Ne4 14. Nxe4 dxe4 15. Bxe4 d6 16. Bf5 Rb8 17. e6 fxe6 18. Bxe6+ Kh8 19. Be3 Bf6 20. Re2 Ne5 21. Nxe5 Bxe5 22. Bd5 Qf6 23. Bxb7 Rxb7 24. Rc1 h6 25. Rc6 a5 26. b3 a4 27. Qd3 axb3 28. axb3 Ra8 29. Rec2 Rbb8 30. Rc1 b4 31. Qd5 Rd8 32. g3 Bb2 33. Rd1 Ra1 34. Rxa1 Bxa1 35. Bf4 Be5 36. Bxe5 dxe5 37. Rxf6 Rxd5 38. Rb6 Rd4 39. Kf1 e4 40. Ke2 Kg8 41. h4 Kf7 42. h5 Kf8 43. Rb7 Kg8 44. g4 Kf8 45. Ke3 Rd3+ 46. Kxe4 Rxb3 47. f4 Rc3 48. Kf5 Kg8 49. Rxb4 Rc5+ 50. Ke6 Rc6+ 51. Kd5 Ra6 52. Rb7 Ra4 53. Ke5 Ra5+ 54. Ke6 Ra6+ 55. Ke7 Ra4 56. Rb8+ Kh7 57. Rf8 Ra7+ 58. Kd6 Ra6+ 59. Kc5 Ra5+ 60. Kd4 Ra4+ 61. Ke3 Ra3+ 62. Kf2 Rb3 63. Re8 Ra3 64. Re3 Ra1 65. Kf3 Rg1 66. Rd3 Kg8 67. Rd7 Kh8 68. Rd5 Kh7 69. g5 hxg5 70. fxg5 Rh1 71. Kg4 Rg1+ 72. Kf5 Rh1 73. h6 Rf1+ 74. Kg4 gxh6 75. Rd7+ Kg6 76. Rd6+ Kg7 77. Rxh6 Rg1+ 78. Kf4 1/2-1/2

[Event "CZE-chT2C 1415"]
[White "Tuma, Jiri"]
[Black "Seidl, Stepan"]
[Site "Czech Republic"]
[Round "2.1"]
[Result "1/2-1/2"]
[Date "2014.11.16"]
[WhiteElo "2322"]
[BlackElo "2211"]
[PlyCount "44"]
[EventDate "2014.11.02"]
[EventType "team-tourn"]
[EventRounds "11"]
[EventCountry "CZE"]
[SourceTitle "EXT 2022"]
[Source "ChessBase"]
[SourceDate "2021.10.06"]
[SourceVersion "1"]
[SourceVersionDate "2021.10.06"]
[SourceQuality "1"]
[WhiteTeam "Kutna Hora"]
[BlackTeam "Jihlava Silko Gambit"]
[WhiteTeamCountry "CZE"]
[BlackTeamCountry "CZE"]

1. e4 c5 2. Ne2 d6 3. g3 Bd7 4. Bg2 Qc8 5. h3 Nc6 6. d4 cxd4 7. Nxd4 Nf6 8. Nc3 g6 9. Nde2 Bg7 10. b3 0-0 11. Bb2 Ne8 12. Rb1 Rb8 13. Nd5 Bxb2 14. Rxb2 Ng7 15. c4 f6 16. Qd2 Rf7 17. Qh6 f5 18. Nec3 Nd4 19. 0-0 b5 20. Rd1 b4 21. Ne2 Nxe2+ 22. Rxe2 e6 1/2-1/2

[Event "CZE-chT rap"]
[White "Svoboda, Vaclav"]
[Black "Tuma, Jiri"]
[Site "Pardubice"]
[Round "5.5"]
[Result "1/2-1/2"]
[Date "2014.07.12"]
[WhiteElo "2420"]
[BlackElo "2302"]
[PlyCount "32"]
[EventDate "2014.07.10"]
[EventType "team-swiss"]
[EventRounds "7"]
[EventCountry "CZE"]
[SourceTitle "CBM 161 Extra"]
[Source "ChessBase"]
[SourceDate "2014.08.29"]
[SourceVersion "1"]
[SourceVersionDate "2014.08.29"]
[SourceQuality "1"]

1. d4 b5 2. e4 Bb7 3. Bd3 c5 4. dxc5 e6 5. Qe2 b4 6. Be3 Qc7 7. a3 a5 8. Nd2 Bxc5 9. Bxc5 Qxc5 10. Ngf3 d6 11. Bb5+ Ke7 12. 0-0 Nf6 13. e5 dxe5 14. Qxe5 Nbd7 15. Bxd7 Qxe5 16. Nxe5 Nxd7 1/2-1/2